Khrushchev : (Record no. 977)

000 -LEADER
fixed length control field 01483nam a22003857a 4500
001 - CONTROL NUMBER
control field 12839336
003 - CONTROL NUMBER IDENTIFIER
control field OSt
005 - DATE AND TIME OF LATEST TRANSACTION
control field 20210426112619.0
008 - FIXED-LENGTH DATA ELEMENTS--GENERAL INFORMATION
fixed length control field 020701s2003 nyuab b 001 0 eng
010 ## - LIBRARY OF CONGRESS CONTROL NUMBER
LC control number 2002026404
020 ## - INTERNATIONAL STANDARD BOOK NUMBER
International Standard Book Number 0393051447
040 ## - CATALOGING SOURCE
Original cataloging agency DLC
Transcribing agency DLC
Modifying agency DLC
043 ## - GEOGRAPHIC AREA CODE
Geographic area code e-ur---
050 00 - LIBRARY OF CONGRESS CALL NUMBER
Classification number DK275.K5
Item number T38 2003
080 ## - UNIVERSAL DECIMAL CLASSIFICATION NUMBER
Universal Decimal Classification number 92
Item number T-24
082 00 - DEWEY DECIMAL CLASSIFICATION NUMBER
Classification number 947.085/2/092
-- B
Edition number 21
100 1# - MAIN ENTRY--PERSONAL NAME
Personal name Taubman, William.
245 10 - TITLE STATEMENT
Title Khrushchev :
Remainder of title the man and his era /
Statement of responsibility, etc. William Taubman.
250 ## - EDITION STATEMENT
Edition statement 1st ed.
260 ## - PUBLICATION, DISTRIBUTION, ETC.
Place of publication, distribution, etc. New York, N.Y. :
Name of publisher, distributor, etc. W. W. Norton & Company, Inc.,
Date of publication, distribution, etc. c2003.
300 ## - PHYSICAL DESCRIPTION
Extent xx, 876 p. :
Other physical details ill., maps ;
Dimensions 25 cm.
365 ## - TRADE PRICE
Price note 35.00 USD
500 ## - GENERAL NOTE
General note Maps on lining papers.
504 ## - BIBLIOGRAPHY, ETC. NOTE
Bibliography, etc. note Includes bibliographical references (p. 793-824) and index.
600 10 - SUBJECT ADDED ENTRY--PERSONAL NAME
Personal name Khrushchev, Nikita Sergeevich,
Dates associated with a name 1894-1971.
650 #0 - SUBJECT ADDED ENTRY--TOPICAL TERM
Topical term or geographic name entry element Heads of state
Geographic subdivision Soviet Union
Form subdivision Biography.
651 #0 - SUBJECT ADDED ENTRY--GEOGRAPHIC NAME
Geographic name Soviet Union
General subdivision Politics and government
Chronological subdivision 1953-1985.
653 ## - INDEX TERM--UNCONTROLLED
Uncontrolled term ბიოგრაფია
856 42 - ELECTRONIC LOCATION AND ACCESS
Materials specified Book review (H-Net)
Uniform Resource Identifier <a href="http://www.h-net.org/review/hrev-a0d1g4-aa">http://www.h-net.org/review/hrev-a0d1g4-aa</a>
856 41 - ELECTRONIC LOCATION AND ACCESS
Materials specified Table of contents
Uniform Resource Identifier <a href="http://www.loc.gov/catdir/toc/fy037/2002026404.html">http://www.loc.gov/catdir/toc/fy037/2002026404.html</a>
856 42 - ELECTRONIC LOCATION AND ACCESS
Materials specified Book review (H-Net)
Uniform Resource Identifier <a href="http://www.h-net.org/reviews/showrev.php?id=18215">http://www.h-net.org/reviews/showrev.php?id=18215</a>
906 ## - LOCAL DATA ELEMENT F, LDF (RLIN)
a 7
b cbc
c orignew
d 1
e ocip
f 20
g y-gencatlg
942 ## - ADDED ENTRY ELEMENTS (KOHA)
Source of classification or shelving scheme
Koha item type Books
Holdings
Withdrawn status Lost status Source of classification or shelving scheme Damaged status Not for loan Permanent location Current location Date acquired Inventory number Total Checkouts Full call number Barcode Date last seen Price effective from Koha item type
          Ken Walker International University Ken Walker International University 01/27/2021 2466   92 T-24 2466 01/27/2021 01/27/2021 Books

Powered by Koha